Haikyuu!! Who turned professional? - Statistics

General Stats
  • This quiz has been taken 507 times
    505 since last reset
  • The average score is 8 of 33
Answers on the Grid
Answers color-coded by a green-red scale on the quiz's grid according to % correct below.
Aran Ojiro
Gao Hakuba
Rintaro Suna
Tatsuki Washio
Motoya Komori
Wakatsu Kiryu
Tsutomu Goshiki
Yudai Hyakuzawa
Heisuke Riseki
Eikichi Chigaya
Taketora Yamamoto
Tsukasa Iizuna
Ryosei Kai
Kentaro Kyotani
Kei Tsukishima
Kanji Koganegawa
Hayato Yamagata
Yutaro Kindaichi
Wataru Onaga
Yuki Shibayama
Suguru Daisho
Kazuyoshi Bessho
Reon Ohira
Takeru Nakashima
Toru Oikawa
Morisuke Yaku
Atsumu Miya
Shoyo Hinata
Kotaro Bokuto
Kiyoomi Sakusa
Tobio Kageyama
Wakatoshi Ushijima
Korai Hoshiumi
Nobuyuki Kai
Osamu Miya
Shinsuke Kita
Takanobu Aone
Kenji Futakuchi
Asahi Azumane
Yuu Nishinoya
Lev Haiba
So Inuoka
Sachiro Hirugami
Keiichiro Kanbayashi
Kenjiro Shirabu
Satori Tendo
Keiji Akashi
Yamato Sarukui
Hajime Iwaizumi
Akira Kunimi
Yuji Terushima
Shinji Watari
Issei Matsukawa
Keisuke Unnan
Michiru Usuri
Hayato Ikejiri
Tetsuro Kuroo
Akinori Konoha
Chikara Ennoshita
Shigeru Yahaba
Taichi Kawanishi
Hitoshi Ginjima
 
Answer Stats
Answer % Correct
Plays for MSBY Black Jackals (V.League Division 1) and Asas Sao Paulo. (Brazil League) Shoyo Hinata
62%
Plays for MSBY Black Jackals. (V.League Division 1) Kotaro Bokuto
60%
Plays for Sendai Frogs. (V.League Division 2) Kei Tsukishima
59%
Plays for Schweiden Adlers (V.League Division 1) and Ali Roma. (Italy League) Tobio Kageyama
55%
Plays for CA San Juan. (Argentina League) Toru Oikawa
55%
Plays for MSBY Black Jackals. (V.League Division 1) Atsumu Miya
53%
Plays for Schweiden Adlers (V.League Division 1) and Orzeł Warszawa. (Poland League) Wakatoshi Ushijima
51%
Plays for MSBY Black Jackals. (V.League Division 1) Kiyoomi Sakusa
46%
Plays for Schweiden Adlers. (V.League Division 1) Korai Hoshiumi
43%
Plays for Tachibana Red Falcons. (V.League Division 1) Aran Ojiro
36%
Plays for EJP Raijin. (V.League Division 1) Rintaro Suna
35%
Plays for Tigr Ekaterinburg. (Russia League) Morisuke Yaku
32%
Plays for Azuma Pharmacy Green Rockets. (V.League Division 1) Tsutomu Goshiki
30%
Plays for EJP Raijin. (V.League Division 1) Motoya Komori
27%
Plays for Sendai Frogs. (V.League Division 2) Kentaro Kyotani
25%
Plays for Sendai Frogs. (V.League Division 2) Kanji Koganegawa
21%
Plays for VC Kanagawa. (V.League Division 1) Taketora Yamamoto
15%
Plays for Azuma Pharmacy Green Rockets. (V.League Division 1) Wakatsu Kiryu
13%
Plays for Japan Railway Warriors. (V.League Division 1) Yudai Hyakuzawa
12%
Plays for Tachibana Red Falcons. (V.League Division 1) Gao Hakuba
10%
Plays for EJP Raijin. (V.League Division 1) Tatsuki Washio
10%
Plays for Kiniro Sports Jumpers. (V.League Division 3) Reon Ohira
8%
Plays for DESEO Hornets. (V.League Division 1) Tsukasa Iizuna
6%
Plays for Tokai Heavy Industries Esperanza. (V.League Division 2) Yuki Shibayama
6%
Plays for Hiashi Automotive Lions. (V.League Division 2) Hayato Yamagata
5%
Plays for Yotsuya Motor Spirits. (V.League Division 2) Suguru Daisho
5%
Plays for Tamaden Elephants. (V.League Division 2) Yutaro Kindaichi
5%
Plays for Kiniro Sports Jumpers. (V.League Division 3) Takeru Nakashima
3%
Plays for Tamaden Elephants. (V.League Division 2) Wataru Onaga
3%
Plays for VC Kanagawa. (V.League Division 1) Eikichi Chigaya
2%
Plays for VC Kanagawa. (V.League Division 1) Heisuke Riseki
2%
Plays for Penect Jaguars. (V.League Division 2) Kazuyoshi Bessho
1%
Plays for DESEO Hornets. (V.League Division 1) Ryosei Kai
1%
No matching quizzes found
Score Distribution
Percent of People with Each Score
Percentile by Number Answered
Your Score History
You have not taken this quiz since the last reset